000 00596nam a2200217 i 4500
001 C2-0202530
003 PPAK
005 20180728100950.0
008 990214s1992 my a|||| ||||| | may d
040 _aPPAK
_beng
_cPPAK
_erda
082 0 4 _a510
_2 23
090 0 0 _a510
_bMAT
_dKIH
245 0 0 _aMatematik 1
264 1 _aKuala Lumpur :
_bDewan Bahasa dan Pustaka ,
_c1992
300 _a188 pages :
_billustrations ;
_c25 cm
336 _2rdacontent
_atext
337 _2rdamedia
_aunmediated
338 _2rdacarrier
_avolume
700 0 _aWan Patanah Wan Yusoff,
_eeditor
942 _ddc
_cB
999 _c157222
_d157222